Gobierno y sociedad en el Perú colonial: el régimen de las intendencias: 1784-1814

Gardado en:
Detalles Bibliográficos
Autor Principal: Fisher, John Robert (Author)
Formato: Libro
Idioma:Lingua castelá
Publicado: Lima Pontificia Universidad Católica del Perú 1981
Subjects:
Tags: Engadir etiqueta
Sen Etiquetas, Sexa o primeiro en etiquetar este rexistro!

MARC

LEADER 00000nam a2200000 a 4500
001 UCX2253
003 CL-VaPUC
008 910412e19810000PE |||||||||||||||||spa|d
082 0 4 |a 985.03  |b FIS  |2 21 
100 0 |a Fisher, John Robert  |e author  |9 318135 
245 1 0 |a Gobierno y sociedad en el Perú colonial: el régimen de las intendencias: 1784-1814 
300 |a 295 p 
942 |c BK 
945 |d 19910412 00:00:00 
260 |a Lima  |b Pontificia Universidad Católica del Perú  |c 1981 
650 7 |a HISTORIA COLONIA 1536-1808  |2 CL-VaPUC  |9 318136 
650 0 |a Administración pública   |9 255343 
651 0 |a Perú  |9 256567 
583 |a last modification  |c 20180511 12:33:32  |k Rodrigo Vera 
999 |c 223315  |d 223313 
952 |0 0  |1 0  |4 0  |6 985_030000000000000_FIS_1981  |7 0  |8 A  |9 218965  |a BIBHIS  |b BIBHIS  |d 2019-11-15  |i 1257129  |o 985.03 FIS 1981  |p 1257129  |r 2025-01-20  |w 2019-11-15  |y BK  |k HIS